000 00590cam a2200145 4500500
005 20260201164401.0
041 _afre
042 _adc
100 1 0 _aPayen, Pascal
_eauthor
245 0 0 _aFrançois Hartog et Jacques Revel, eds, Les Usages politiques du passé, Paris, Éditions de l’École des hautes études en sciences sociales, 2001, 206 p., index (« Enquête » 1)
260 _c2003.
500 _a66
786 0 _nL'Homme | 165 | 1 | 2003-03-01 | p. 309a-348a | 0439-4216
856 4 1 _uhttps://shs.cairn.info/revue-l-homme-2003-1-page-309a?lang=fr&redirect-ssocas=7080
999 _c1643274
_d1643274